02443agaaa2200301 45000010005000000030009000050050017000140070009000310080040000400400023000800410013001031000046001161300021001622450215001832500022003982600130004203000022005505080235005725110091008075200914008985380016018125460013018286500056018417000065018977000057019627000058020197000064020776188IT-RoPAU20220918181232.0d cvaizq50131s9999||||xx ||| | || ||und|| aIT-RoPAUcIT-RoPAU aITALIANO aLizzani CarlogCodice regista SPICS: 4574 aORO DI ROMA (L') aORO DI ROMA (L')cProdotto da: De Negri G. Chroscic -- Sceneggiatura: Battistrada Lucio Giuliani Lizzani Carlo Lecco Alberto -- Diretto da: Lizzani CarlopORO DI ROMA (L') (Rif. Codice opera principale : 26188) aEdizione Standard aROMA - PARIGI (ITALIA)bAGER - SANCRO - CIRAC - CONTACT / Distribuzione: RAIg"1961 (1° ed.: 1985 ; Ed. Lingua Orig.: 1961)" aVHSbsonoro, col. a"Fotografia: Menczer Enrico; Montaggio: Fraticelli Franco; Musica: Fusco Giovanni; Sceneggiatura: Battistrada Lucio Giuliani Lizzani Carlo Lecco Alberto; Scenografia: Mocherini Flavio; Soggetto: Battistrada Lucio -- Lizzani Carlo" a"Ferrero Annamaria; Sorel Jean; Blain Gerard; Checchi Andrea; Borboni Paola; Scelzo F" aIL MAGGIORE KAPPLER NEL CORSO DELL'OCCUPAZIONE NAZISTA DI ROMA ORDINA AGLIEBREI DELLA CITTA' DI CONSEGNARE NEL GIRO DI POCHE ORE CINQUANTA CHILOGRAMMI DI ORO PENA LA CONSEGNA DI DUECENTO OSTAGGI LA COMUNITA' IMMEDIATAMENTE ORGANIZZA LA RACCOLTA DEL PREZIOSO METALLO DAVID UN GIOVANE CALZOLAIO ESPRIMENDO ANCHE IL PENSIERO DI ALTRI GIOVANI VORREBBE RISPONDER ALLA INIQUA RICHIESTA CON LA VIOLENZA DELLE ARMI GIULIA LA FIGLIA DI UN PROFESSORE SEMITA SI INNAMORA DI UNO STUDENTE CATTOLICO SPOSANDO IL QUALE POTREBBE SOTTRARSI ALLA PERSECUZIONE NAZISTA DOPO LA CONSEGNA DELL'ORO I TEDESCHI TRADENDO OGNI PROMESSA CIRCONDANO IL GHETTO ED ARRESTANO TUTTI GLI EBREI GIULIA SCEGLIELA VIA DELLA DEPORTAZIONE E VOLONTARIAMENTE RIFIUTA UNA SALVEZZA ANCORA POSSIBILE PER SEGUIRE LA SORTE DEL PADRE E DEI SUOI CORRELIGIONARI DAVID INVECE SALE SULLE MONTAGNE E NELLE FILE PARTIGIANE PRENDE LE ARMI CONTRO L'INVASORE NAZISTA aPAL, STEREO aITALIANO aDRAMMATICOeFILMS [VHS]xCodice MATERIA SPICS: 9960 aBattistrada Lucio e(soggetto)gCodice Soggetto SPICS: 23511 aFusco Giovannie(musica)gCodice Musica SPICS: 22982 aLizzani Carlo e(regista)gCodice regista SPICS: 4574 aLizzani Carlo e(soggetto)gCodice Soggetto 2° SPICS: 4574